000 00520nam a2200193Ia 4500
008 131103s9999 xx 000 0 und d
040 _aLoreto College
041 _aEnglish
082 _a822.09/NIC
_bLCBkB/E175
100 _aNicoll, Allardyee
245 _aBritish drama
_cAllardyee Nicoll
260 _aLondon
_bGeorge & Harrap
_c1962
300 _a365p.
_c 20cm.
504 _aIncludes index
650 _aDrama - History and Criticism
651 _aEnglish Drama
850 _aLCBkB/822.09/NIC
942 _cBK
999 _c35708
_d86187